| 000 | 01014cam a22002291 4500 | ||
|---|---|---|---|
| 001 | gs 23000326 | ||
| 003 | DLC | ||
| 005 | 20260227111328.0 | ||
| 008 | 061114s1919 gw ab b 000 0 ger | ||
| 010 | _ags 23000326 | ||
| 040 |
_aDLC _cDLC _dDLC |
||
| 043 | _as-cl--- | ||
| 050 | 0 | 0 |
_aF2936 _b.S82 |
| 100 | 1 |
_aSteffen, Hans, _d1865-1936. |
|
| 245 | 1 | 0 |
_aWestpatagonien. _bDie patagonischen Kordilleren und ihre randgebiete. Auf eigene reisen gegründete landschaftsdarstellung, verbunden mit einem abriss der erforschungsgeschichte des gebiets, _cvon dr. Hans Steffen ... In 2 bänden. Hrsg. mit unterstützung der Gesellschaft für erdkunde zu Berlin aus mitteln der Henry Langestiftung. |
| 260 |
_aBerlin, _bD. Riemer, _c1919. |
||
| 300 |
_a2 v. _billus., xxxII pl., 6 fold. col. maps. _c26 cm. |
||
| 500 | _aMaps folded in pocket. | ||
| 504 | _aBibliographical references throughtout. | ||
| 651 | 0 |
_aPatagonia (Argentina and Chile) _xDescription and travel. |
|
| 710 | 2 | _aGesellschaft für Erdkunde zu Berlin. | |
| 999 |
_c26279 _d26279 |
||